El caso del videojuego / (Registro nro. 11769)

Detalles MARC
000 -LIDER
fixed length control field 00920cam a2200325 a 4500
001 - NÚMERO DE CONTROL
Identificador de número de control 13076
003 - IDENTIFICACDOR DE NÚMERO DE CONTROL
control field DO-SdBNP
005 - DATE AND TIME OF LATEST TRANSACTION
control field 20180118104228.0
007 - CAMPOS FIJOS DE DESCRIPCIÓN FÍSICA
fixed length control field 13076
008 - ELEMENTOS DE LONGITUD FIJA
fixed length control field 970818s2008 ag a 000 0 spa
010 ## - NUMERO DE CONTROL DE BIBLIOTECA DEL CONGRESO
LC control number
020 ## - ISBN
International Standard Book Number 9789870400738
040 ## - FUENTE DE CATALOGACIÓN
Agencia que crea de manera original el registro BPMSU
Agencia que realiza la transcripción spa
Enlace BPMSU
050 00 - NÚMERO DE CLASIFICACIÓN BIBLIOTECA DEL CONGRESO
Classification number
Item number
082 ## - NÚMERO DE CLASIFICACIÓN DECIMAL DE DEWEY
Classification number A863.6
Item number S338c
100 1# - ASIENTO PRINCIPAL -- NOMBRE PERSONAL
Nombre personal Schlaen, Carlos.
Títulos u otras palabras asociadas con el nombre 1946-.
245 13 - MENCIÓN DE TITULO
Título El caso del videojuego /
Mención de responsabilidad Carlos Schlaen ; dibujos de Carlos Schlaen.
250 ## - MENCIÓN DE EDICION
Mención de edición 2a. ed. 3a.reimpr
260 ## - PUBLICACIÓN, DISTRIBUCIÓN, ETC. (PIE DE IMPRENTA)
Lugar de publicación, distribución, etc Buenos Aires :
Nombre del editor, distribuidor, etc. Alfaguara,
Fecha de publicación, distribución, etc 2008
300 ## - DESCRIPCIÓN FÍSICA
Extensión 91 p. :
Otros detalles físicos il ;
Dimensiones 21 cm.
490 1# - MENCIÓN DE SERIES
Mención de serie Alfaguara juvenil
500 ## - NOTA GENERAL
Nota general Reimpresión 2008
650 ## - ENCABEZAMIENTO DE MATERIA--TEMÁTICO
Término temático o nombre geográfico como elemento de entrada NOVELA JUVENIL ARGENTINA
650 ## - ENCABEZAMIENTO DE MATERIA--TEMÁTICO
Término temático o nombre geográfico como elemento de entrada LITERATURA JUVENIL ARGENTINA
650 ## - ENCABEZAMIENTO DE MATERIA--TEMÁTICO
Término temático o nombre geográfico como elemento de entrada VIDEOJUEGOS
Subdivisión de forma NOVELA JUVENIL
830 #0 - ASIENTO SECUNDARIO DE SERIE--TÍTULO UNIFORME
Título uniforme Alfaguara juvenil
942 ## - ADDED ENTRY ELEMENTS (KOHA)
Source of classification or shelving scheme Dewey Decimal Classification
Koha item type Libros
945 ## - INFORMACIÓN DE PROCESAMIENTO LOCAL
Información de procesamiento local Inventariado, 2018/LP
956 ## - LOCAL ELECTRONIC LOCATION AND ACCESS (OCLC)
Nombre de host VMATEO
Número de acceso 10
Información de compresión 20161103
Trayectoria BPMSU
Nombre Electrónico 0069
Existencias
Withdrawn status Lost status Source of classification or shelving scheme Damaged status Not for loan Collection code Home library Current library Date acquired Source of acquisition Total Checkouts Full call number Barcode Date last seen Copy number Price effective from Koha item type Coded location qualifier
    Dewey Decimal Classification     Colección Juvenil General Biblioteca Pública Metropolitana Salomé Ureña Biblioteca Pública Metropolitana Salomé Ureña 11/03/2016 Afaguara   A863.6 S338c BPMSU16110037 11/03/2016 ej. 3 11/03/2016 Libros  
    Dewey Decimal Classification     Colección Juvenil General Biblioteca Pública Metropolitana Salomé Ureña Biblioteca Pública Metropolitana Salomé Ureña 11/03/2016 Afaguara   A863.6 S338c BPMSU16110038 11/03/2016 11/03/2016 Libros  
    Dewey Decimal Classification     Colección Juvenil General Biblioteca Pública Metropolitana Salomé Ureña Biblioteca Pública Metropolitana Salomé Ureña 11/03/2016 Afaguara   A863.6 S338c BPMSU16110039 11/03/2016 ej. 2 11/03/2016 Libros